000 01012nam a22003370a 4500
001 PT41827
003 AR-LpoUNG
005 20210131230854.0
008 191001s2007||||ck |||||||||||||||||spa d
020 _a9789587160598
_c$61.35
040 _aAR-LpoUNG
_bspa
_cAR-LpoUNG
_eaacr
041 _aspa
044 _ack
082 0 _a410 516lee
100 1 _aBermúdez Grajales, Mónica
245 1 0 _aLeer, escribir y argumentar en la universidad :
_bla reseña descriptiva y la reseña crítica : orientaciones pedagógicas y lingüisticas
250 _a1ra ed.
260 _aBogotá :
_bPontificia Universidad Javeriana,
_c2007.
300 _a56 p. :
_bil., fot.
650 4 _aEDUCACION
650 4 _aENSEÑANZA
650 4 _aLINGUISTICA
650 4 _aPRACTICA PEDAGOGICA
650 4 _aRESEÑAS BIBLIOGRAFICAS
650 4 _aTEXTOS
651 4 _aDOCUMENTOS TEORICOS O METODOLOGICOS
700 1 _aBernal, Gloria Esperanza
700 1 _aPérez Abril, Mauricio
905 _a41827
942 _cLIB
999 _c6631
_d6631